| 000 | 00444nam a22001577a 4500 | ||
|---|---|---|---|
| 005 | 20250313142448.0 | ||
| 008 | 250313b |||||||| |||| 00| 0 eng d | ||
| 020 | _a9781118097946 | ||
| 050 |
_aHD 67 _b.P75M367 |
||
| 082 | _24TH EDITION | ||
| 100 | _aMARCHEWKA, JACK T. | ||
| 245 |
_aINFORMATION TECHNOLOGY PROJECT MANAGEMENT _cJACK T. MARCHHEWKA |
||
| 260 |
_aSINGAPORE _bJOHN WILEI & SONS _cc2013 |
||
| 300 | _axv, 456p.; | ||
| 942 |
_2lcc _cBK _n0 |
||
| 999 |
_c4766 _d4766 |
||